000 01366nam a2200325 a 4500
001 BRCA_3253
005 20190320204204.0
008 120309s1820----enka---###---#000-0#eng-#
041 _aeng
044 _aenk
084 _a554
_b.R63
_c1820
100 1 _aCervantes Saavedra, Miguel de
_d1547-1616
_9213
245 1 0 _aThe Life and Adventures of Don Quixote de la Mancha.
260 _aLondres
_bHurst Robinson and Co.
_c1820
300 _a4 v.
_bil.
_c19 cm.
500 _aContenido : v.1. Primera parte. Vida de Cervantes extractada de la escrita por Mayáns. Prólogo de Cervantes. Notas. -- v.2. Texto. Notas. -- v.3. Segunda parte. Prólogo de Cervantes. Notas. -- v.4. Texto. Notas
500 _aEdición : A new Edition with Engravings from Designes by Richard Westall
500 _aEjemplar igual al anterior [553] Lúdovik Osterc
500 _aEstado físico : Recuperación física en 2008
500 _aQM442
546 _aTexto en : inglés
650 1 4 _aNovela española
_yÉpoca clásica, 1500-1700
_9215
650 1 4 _aLiteratura española
_yÉpoca clásica, 1500-1700
_9216
650 1 4 _aNovela española
_ySiglo XVII
_9217
650 1 4 _aDon Quijote (Personaje ficticio)
_eNovela
_9218
700 1 _aWestall, Richard
_d1765-1836
_eGrabador
_98664
740 0 _aEl Ingenioso Hidalgo Don Quijote de la Mancha
902 _aQFM
942 _2lcc
_cB
999 _c2989
_d2989